Verifikácia riadiacich algoritmov

Guardado en:
Detalles Bibliográficos
Autor principal: Hlubík, Filip (Autor)
Otros Autores: Holaza, Juraj (Orientador)
Formato: Manuscrito Libro
Lenguaje:eslovaco
Publicado: 2025
Materias:
Acceso en línea:http://is.stuba.sk/zp/portal_zp.pl?podrobnosti=176118
Etiquetas: Agregar Etiqueta
Sin Etiquetas, Sea el primero en etiquetar este registro!

MARC

LEADER 00000ntm a22000003a 4500
001 stuzp105251
003 SK-STU
005 20250628212507.3
007 ta
008 150427s2015----xo-----f-mn---000-0-slo-d
040 |a STU  |b slo 
041 0 |a slo 
100 1 |a Hlubík, Filip  |u 047220  |4 aut  |U FCHPT Ústav informatizácie, automatizácie a matematiky  |T FCHPT Oddelenie informatizácie a riadenia procesov  |X 121432  |U C7220  |Y 121  |7 121432 
242 0 1 |a Verification of Control Algorithms  |y eng 
245 1 0 |a Verifikácia riadiacich algoritmov 
260 |c 2025 
650 4 |a Verifikácia  |2 slo 
650 4 |a PID regulátory  |2 slo 
650 4 |a Optimalizácia  |2 slo 
650 4 |a Verification  |2 eng 
650 4 |a PID Controllers  |2 eng 
650 4 |a Optimization  |2 eng 
700 1 |a Holaza, Juraj  |u 047220  |k Z1  |4 ths  |U FCHPT Ústav informatizácie, automatizácie a matematiky  |T FCHPT Oddelenie informatizácie a riadenia procesov  |X 50911  |U C7220  |Y 121  |7 A0000050911 
856 4 |u http://is.stuba.sk/zp/portal_zp.pl?podrobnosti=176118